MARC

LEADER 00000nam0a2200000 4500
001 257459
005 20231101233214.0
035 |a (RuTPU)RU\TPU\book\280259 
090 |a 257459 
100 |a 20140416d1987 m y0rusy50 ca 
101 0 |a rus 
102 |a RU 
105 |a a j 001zy 
200 1 |a Микропроцессоры и микроЭВМ в системах автоматизации технологических процессов горных работ  |e учебное пособие  |f Н. А. Глебов  |g Новочеркасский политехнический институт им. Серго Орджоникидзе (НПИ) 
210 |a Новочеркасск  |c Изд-во НПИ  |d 1987 
215 |a 87 с.  |c ил. 
320 |a Библиогр.: с. 84. 
606 1 |a Горная промышленность, предприятия  |x Проектирование  |x Автоматизация  |2 stltpush  |3 (RuTPU)RU\TPU\subj\7500  |9 35133 
610 1 |a микропроцессоры 
610 1 |a микроЭВМ 
610 1 |a структурные схемы 
610 1 |a действие 
610 1 |a математическое обеспечение 
610 1 |a микроконтроллеры 
610 1 |a системы управления 
610 1 |a учебные пособия 
675 |a 622.012:658.5(075.8)  |v 3 
700 1 |a Глебов  |b Н. А.  |g Николай Алексеевич 
712 0 2 |a Новочеркасский политехнический институт им. Серго Орджоникидзе (НПИ)  |c (1948-1993)  |2 stltpush  |3 (RuTPU)RU\TPU\col\227 
801 1 |a RU  |b 63413507  |c 20140416 
801 2 |a RU  |b 63413507  |c 20141217  |g RCR 
942 |c BK